The Teachers Guide to Success (Record no. 25357)

MARC details
000 -LEADER
fixed length control field 00505nam a22001817a 4500
003 - CONTROL NUMBER IDENTIFIER
control field OSt
005 - DATE AND TIME OF LATEST TRANSACTION
control field 20260629122737.0
008 - FIXED-LENGTH DATA ELEMENTS--GENERAL INFORMATION
fixed length control field 260629b |||||||| |||| 00| 0 eng d
020 ## - INTERNATIONAL STANDARD BOOK NUMBER
International Standard Book Number 978-0-2-5-45619-2
040 ## - CATALOGING SOURCE
Transcribing agency Chuka University Library
050 ## - LIBRARY OF CONGRESS CALL NUMBER
Classification number LB 1025.3 .K76 2008
100 ## - MAIN ENTRY--PERSONAL NAME
Personal name Kronowitz L. Ellen
9 (RLIN) 31497
245 ## - TITLE STATEMENT
Title The Teachers Guide to Success
260 ## - PUBLICATION, DISTRIBUTION, ETC.
Place of publication, distribution, etc. USA
Name of publisher, distributor, etc. Pearson
Date of publication, distribution, etc. 2008
300 ## - PHYSICAL DESCRIPTION
Extent xiv, 402P
Other physical details Preface, Illustrations and Index
650 ## - SUBJECT ADDED ENTRY--TOPICAL TERM
Topical term or geographic name entry element Teaching
9 (RLIN) 9404
942 ## - ADDED ENTRY ELEMENTS (KOHA)
Source of classification or shelving scheme Library of Congress Classification
Koha item type Long Loan Books
Suppress in OPAC No
Holdings
Withdrawn status Lost status Source of classification or shelving scheme Damaged status Not for loan Collection Home library Current library Shelving location Date acquired Source of acquisition Cost, normal purchase price Total Checkouts Full call number Barcode Date last seen Price effective from Koha item type
    Library of Congress Classification     General Collection Books Main Campus Library Main Campus Library General Stacks 10/07/2025 Donation From Books For Africa 1210.25   LB 1025.3 .K76 2008 36134/2026 29/06/2026 29/06/2026 Long Loan Books

Powered by Koha